000 00636nam a22002297a 4500
003 UA-OsUOA
001 106941
007 ta
008 20140626b un ||||| |||| 00| 0 ukr d
090 _a76(477)
_bМ18
942 _cBK
040 _aUA-OsUOA
_bukr
_cUA-OsUOA
_dUA-OsUOA
245 _aГеоргій Васильович Малаков
_bкаталог
_cавт.-упор. Н. Белічко
300 _a160 с.
955 _a1
041 _aukr
080 _a76(477)
020 _a966-0201518-5
260 _aК.
_bНБУВ
_c2000
650 7 _a76 Графічні мистецтва. Графіка
_2UDC
999 _c393439
_d393439